| 000 | 00848nam a22002297a 4500 | ||
|---|---|---|---|
| 005 | 20100816102422.0 | ||
| 010 | _aENG-100378 | ||
| 020 |
_a9788188132188 _c70.00 |
||
| 035 | _aEN-83910 | ||
| 037 | _bDBAD/PUB | ||
| 082 | _a613.7 | ||
| 100 |
_aSenjam, Suraj Singh _913703 |
||
| 245 |
_aHow to cultivate : _ba healthy lifestyle / _cby Suraj Singh Senjam, Parveen Bhalla [and] Amarjeet Singh |
||
| 260 |
_aNew Delhi _bCentury Publications _c2009 |
||
| 270 |
_a46, Masih Garh _bNew Delhi _e110025 |
||
| 300 |
_a49p.: _bill. _c22cm (pbk) |
||
| 500 | _aIncludes bibliographical references | ||
| 700 |
_aBhalla, Parveen _913704 |
||
| 700 |
_aSingh, Amarjeet _913705 |
||
| 942 |
_2ddc _cEN _h613.7 _mSEN |
||
| 999 |
_c42045 _d42045 |
||